| 000 | 00424nam a2200157Ia 4500 | ||
|---|---|---|---|
| 001 | 3511 | ||
| 008 | 140317s9999 xx 000 0 und d | ||
| 040 | _cPK-LaUMT | ||
| 082 |
_a 297.4 _bMUH-F |
||
| 100 | _aMuhammad Usman, Prof. | ||
| 245 |
_aFiqar-e-Islami ki tashkeel-e-Nau (Urdu) _cMuhammad Usman, Prof. |
||
| 260 |
_aLahore,Pakistan: _bSang-e-Meel Publications, _c1987 |
||
| 300 | _a222 p. | ||
| 546 | _aURDU | ||
| 942 | _cBK | ||
| 999 |
_c3758 _d3758 |
||